| 000 | 00736nam a2200253Ia 4500 | ||
|---|---|---|---|
| 005 | 20250117103441.0 | ||
| 008 | 008 250103s9999 xx 000 0 eng d | ||
| 020 | _a9789811601026 | ||
| 037 | _aTextbook | ||
| 040 |
_aCSL _beng _cCSL |
||
| 041 |
_aeng _2eng |
||
| 084 |
_aD65,8(B) 27 R1 _qCSL |
||
| 100 |
_aZong, Chenqing _9731118 |
||
| 245 | 0 |
_aText data mining _cZong, Chenqing; Xia, Rui |
|
| 260 | _c2021 | ||
| 300 | _axxi,351p. Col.ill. | ||
| 650 |
_a Data annotation and preprocessing _9733125 |
||
| 650 |
_a Text clustering _9733126 |
||
| 650 |
_a Topic model _9733127 |
||
| 650 | _aComputer Science | ||
| 700 |
_a Xia, Rui _9731120 |
||
| 942 |
_cTB _hD65,8(B) 27 R1 |
||
| 999 |
_c1237425 _d1237425 |
||